000 00377nam a2200157Ia 4500
003 Ost
005 20260225132555.0
008 260225s9999||||xx |||||||||||||| ||und||
040 _cfsic
041 _afre
082 _a440
100 _aMahfoud kaddache
_eAuteur
245 0 _aHistoire du nationalisme algérien :
245 0 _btomes 2 /
_cMahfoud kaddache
942 _cكتاب
999 _c34404
_d34404